000 00443nam a2200181Ia 4500
001 8346
005 20260306160602.0
008 260306t2006||||xx |||||||||||||| ||spa||
041 _aESP
082 _a370.4
_bG22
100 _aGarcía González, Enrique
_eAUT
245 0 _aPiaget :
_bla formación de la inteligencia
260 _c2006
300 _a122 páginas :
_c23 cm.
650 _aGEN
654 _aCED
942 _cLIB
_dJUS
_fJUS
_2ddc
_n
999 _c8346
_d8346